| 000 | 00869 a2200229 4500 | ||
|---|---|---|---|
| 003 | Nust | ||
| 005 | 20230608124820.0 | ||
| 010 | _a 93031795 | ||
| 020 | _a0805360476 | ||
| 040 | _cNust | ||
| 082 | 0 | 0 | _a005.74,MCF |
| 100 | 1 |
_aFred R McFadden., _9113094 |
|
| 245 | 1 | 0 |
_aModern database management / _cFred R. McFadden, Jeffrey A. Hoffer. |
| 250 | _a4th ed. | ||
| 260 |
_aRedwood City, Calif. : _bBenjamin/Cummings, _cc1994. |
||
| 300 |
_axxv, 597 p. : _bill. (some col.) ; _c29 cm. |
||
| 505 | _aThe Context of Database Development (Page-2), Data Modeling snd Database Design (Page-120), Relational Database Implementation (Page-280), Data Administration snd Distributed Databases (Page-422), Legacy Database Systems (Page-490). | ||
| 650 | 0 | _aDatabase management. | |
| 700 | 1 | _aHoffer, Jeffrey A. | |
| 700 | 1 |
_aMcFadden, Fred R., _d1933- |
|
| 942 |
_2ddc _cBKB |
||
| 999 |
_c189120 _d189120 |
||